Elementary language practice : English grammar and vocabulary
The grammar section includes units on word formation, punctuation and spelling. There are regular checkpoint units which provide further consolidation.
Spremljeno u:
| Glavni autor: | |
|---|---|
| Format: | Knjiga |
| Jezik: | Undetermined |
| Izdano: |
Oxford
MacMillan
2010
|
| Teme: | |
| Oznake: |
Dodaj oznaku
Bez oznaka, Budi prvi tko označuje ovaj zapis!
|
| Thư viện lưu trữ: | Trung tâm Học liệu Trường Đại học Cần Thơ |
|---|
| LEADER | 00755nam a2200217Ia 4500 | ||
|---|---|---|---|
| 001 | CTU_208706 | ||
| 008 | 210402s9999 xx 000 0 und d | ||
| 082 | |a 428.24 | ||
| 082 | |b V767 | ||
| 100 | |a Vince, Michael | ||
| 245 | 0 | |a Elementary language practice : | |
| 245 | 0 | |b English grammar and vocabulary | |
| 245 | 0 | |c Michael Vince | |
| 260 | |a Oxford | ||
| 260 | |b MacMillan | ||
| 260 | |c 2010 | ||
| 520 | |a The grammar section includes units on word formation, punctuation and spelling. There are regular checkpoint units which provide further consolidation. | ||
| 650 | |a Tiếng Anh,English language | ||
| 650 | |x Học và giảng dạy,Study and teaching | ||
| 904 | |i Tuyến | ||
| 980 | |a Trung tâm Học liệu Trường Đại học Cần Thơ | ||